Größte Städte im Saarland A-Z - Statistiken

Allgemein
  • Dieses Quiz wurde 253 mal gespielt
  • Das Durchschnittsergebnis liegt bei 8 aus 12
Antwortstatistiken
# Einwohner Stadt % Korrekt
S 182.971 Saarbrücken
99%
H 43.382 Homburg
88%
N 47.344 Neunkirchen
88%
V 40.952 Völklingen
85%
M 31.697 Merzig
75%
D 21.529 Dillingen an der Saar
56%
W 16.453 Wadern
55%
O 14.255 Ottweiler
52%
L 19.468 Lebach
45%
B 20.197 Blieskastel
43%
P 18.361 Püttlingen
40%
F 10.180 Friedrichsthal
26%
Keine übereinstimmenden Quizze gefunden
Verteilung der Resultate
Anzahl Personen mit jedem Resultat
Perzentil nach korrekt beantworteten Fragen
Ihre Resultats-Entwicklung
Sie haben dieses Quiz noch nicht gespielt